000 03059nam a2200301 a 4500
003 OSt
005 20251112142154.0
007 cr ||||||a|c|a
008 230504s2019 mx a|||fom||| 001 0 spa d
040 _erda
100 1 _9186906
_aRuiz Jiménez, Roberto
245 1 0 _aRentabilidad de un proyecto apícola en San Lorenzo El Zapote municipio de Santiago Amoltepec del Estado de Oaxaca /
_cpor Roberto Ruiz Jiménez; director de tesis Omar Ortiz Barreto.
264 1 _aChapingo, México :
_bEl autor,
_c2019.
300 _a1 recurso en línea (101 páginas):
_bfiguras, cuadros.
336 _2rdacontent
_atexto
_btxt
337 _2rdamedia
_acomputadora
_bc
338 _2rdacarrier
_arecurso en línea
_bcr
502 _bLAN
_cDICEA
_d2019.
504 _aIncluye referencias bibliográficas: páginas 100-101.
520 _aLa historia de la apicultura va de la mano con la evolución del hombre, desde el cazador nómada al agricultor sedentario. La apicultura es una actividad agropecuaria enfocada a la crianza de abejas, dándoles los cuidados necesarios para obtener los productos que elaboran para ser comercializados. La presente investigación tuvo por objetivo analizar la rentabilidad del proyecto de producción apícola en San Lorenzo, el Zapote de Santiago, Oaxaca, a través de los indicadores clásicos de rentabilidad de la teoría de la formulación y evaluación de proyectos, a fin de determinar su viabilidad técnica y financiera. Para lograr los objetivos de la investigación, se realizó una revisión de literatura de fuentes oficiales de información, para la parte del estudio de mercado, se elaboró dentro del cuerpo del proyecto, así como investigación de campo con algunos de los productores, con la finalidad de conocer y sistematizar los principales costos dentro del proceso de producción de la miel. Se realizó un estudio de mercado para conocer la demanda del producto y los mercados potenciales del mismo. Se llevaron a cabo entrevistas con los productores involucrados con la finalidad de conocer los costos de producción y las principales actividades en la producción de miel. Con ésta información se elaboró una corrida financiera la cual permitió evaluar la rentabilidad del proyecto. Los resultados obtenidos: El proyecto resultó rentable y viable ya que se generarían ingresos estimados de $462,656.25 pesos M.N. Tan sólo en el primer año el proyecto, se considera rentable por presentar los siguientes indicadores positivos: un VAN de $242,688.97, una Tasa Interna de Retorno de 23.51%, Relación Beneficio-Costo de 1.11 y un punto de equilibrio del 67 %.
650 4 _9133411
_aMiel de abeja
_xProducción
_xAspectos socioeconómicos
650 4 _975571
_aMiel de abejas
_xRendimiento
650 4 _9126480
_aApicultura
_xAspectos económicos
_zOaxaca
650 4 _9141312
_aEvaluación de proyectos
700 1 _aOrtiz Barreto, Omar
_edirector.
_983939
856 _uhttp://10.13.5.2/tesis/tl/Ruiz_Jimenez_Roberto.pdf
_zDESCARGAR PDF
942 _2Clasificación Universidad Autónoma Chapingo
_cTD
999 _c218685
_d218685